| 000 | 01393 a2200373 4500 | ||
|---|---|---|---|
| 001 | 23875510 | ||
| 003 | 0000 | ||
| 005 | 20251016095756.0 | ||
| 008 | 240925s2025 nyu 000 0 eng | ||
| 010 | _a 2024947177 | ||
| 020 | _a9780198878353 | ||
| 035 | _a23875510 | ||
| 040 |
_aDLC _beng _erda _cDLC |
||
| 042 | _apcc | ||
| 050 | _aRC 271.6 .O94 | ||
| 100 | _aPickard, Jonathan | ||
| 245 | 0 | 0 |
_aOxford case histories palliative medicine / _cJonathan Pickard, Jonathan Hindmarsh. |
| 263 | _a2501 | ||
| 264 | 1 |
_aUnited Kingdom : _bOxford University Press, _c2025. |
|
| 300 | _axi, 536p. ill. | ||
| 336 |
_atext _btxt _2rdacontent |
||
| 337 |
_aunmediated _bn _2rdamedia |
||
| 338 |
_avolume _bnc _2rdacarrier |
||
| 490 | 0 | _aOxford case histories series | |
| 504 | _aIncludes Index | ||
| 520 |
_a"Specialist palliative medicine recognises, and places special emphasis upon, the needs of an ageing population, where multi-morbidity is increasingly common and cross-setting, cross-specialty integrated working is a necessity"-- _cProvided by publisher. |
||
| 650 |
_2 _v |
||
| 651 | _2 | ||
| 700 | 1 |
_aPickard, Jonathan, _eeditor. |
|
| 700 | 1 |
_aHindmarsh, Jonathan, _eeditor. |
|
| 906 |
_a0 _bibc _corignew _d2 _eepcn _f20 _gy-gencatlg |
||
| 942 |
_2lcc _cBK |
||
| 999 |
_c43825 _d43825 |
||